| 000 | 00515nam a2200169 i 4500 | ||
|---|---|---|---|
| 001 | 146117 | ||
| 003 | ES-MaACL | ||
| 005 | 20230906201424.0 | ||
| 007 | t| | ||
| 008 | 070731s1967 sp ||||1| spa d | ||
| 100 | 1 |
_aTorroba Bernaldo de Quirós, Felipe. _9111053 |
|
| 245 | 1 | 4 |
_aLos judíos españoles / _cFelipe Torroba Belnaldo de Quirós. |
| 260 |
_a[Madrid : _bRivadeneyra, _c1967] |
||
| 300 |
_a366 p. : _bil. ; _c17 cm. |
||
| 650 | 0 | 4 |
_aSefardíes- _xHistoria. _917014 |
| 852 |
_aES-MaACL _jC-33692 _bR.64078 |
||
| 999 |
_c146117 _d146117 |
||